• 首页
  • 本馆介绍
  • 公告通知
  • 最新文献
  • 馆藏检索
  • 电子资源
  • 读者导购
  • 参考咨询
  • 我的图书馆
  • 登录
  • 详细信息显示
  • 放入我的书架
  • 预约/预借图书
  • 作者相关作品
  • 分类相关作品
  • 丛书相关作品
  • 出版社相关作品

书目信息

  • 表格格式
  • 工作单格式
  • 卡片格式
题名:
化学纤维生产工艺学
    
 
作者: 闫承花 主编
分册:  
出版信息: 上海   东华大学出版社  2018.01
页数: 269页
开本: 26cm
丛书名:
单 册:
中图分类: TQ340.6
科图分类:
主题词: 化学纤维--生产工艺--高等学校--教材
电子资源:
ISBN: 978-7-5669-1321-0
000 01030nam0 2200241 450
001 3587
005 20181008092529.97
010    @a978-7-5669-1321-0@dCNY48.90
100    @a20180315d2018 em y0chiy50 ea
101 0  @achi
102    @aCN@b310000
105    @aa z 000yy
200 1  @a化学纤维生产工艺学@9hua xue xian wei sheng chan gong yi xue@dProcessing technology of chemical fibers@zeng
210    @a上海@c东华大学出版社@d2018.01
215    @a269页@c图@d26cm
300    @a纺织服装高等教育“十三五”部委级规划教材
330    @a本书介绍了化学纤维的基本知识,阐述了化学纤维的生产原理,介绍了涤纶、锦纶、丙纶、腈纶、氨纶、芳纶、黏胶纤维、玉米纤维、聚苯硫醚纤维和碳纤维等大型产业化纤维的原料、生产工艺、性能及应用;并概述了芳砜纶、聚芳酯纤维、PBO纤维和PBI纤维等新型纤维的生产方法。
510 1  @aProcessing technology of chemical fibers@zeng
606 0  @a化学纤维@x生产工艺@x高等学校@j教材
690    @aTQ340.6@v5
701  0 @a闫承花@9yan cheng hua@4主编
801  0 @aCN@b91MARC@c20180315
905    @aMuseLib@dTQ340.6@e30
    
    化学纤维生产工艺学=Processing technology of chemical fibers.-上海:东华大学出版社,2018.01
    269页:图;26cm
    纺织服装高等教育“十三五”部委级规划教材
    
    ISBN 978-7-5669-1321-0:CNY48.90
    本书介绍了化学纤维的基本知识,阐述了化学纤维的生产原理,介绍了涤纶、锦纶、丙纶、腈纶、氨纶、芳纶、黏胶纤维、玉米纤维、聚苯硫醚纤维和碳纤维等大型产业化纤维的原料、生产工艺、性能及应用;并概述了芳砜纶、聚芳酯纤维、PBO纤维和PBI纤维等新型纤维的生产方法。
●
相关链接 在E读中查询图书 在五车中查询图书 在当当中查询图书 在豆瓣中查询图书


正题名:化学纤维生产工艺学     索取号:TQ340.6/30         预约/预借

序号 登录号 条形码 馆藏地/架位号 状态 备注
1 1122737   211227377   第二样本阅览室/ [索取号:TQ340.6/30] 在馆    
2 1122738   211227386   化学系资料室/ [索取号:TQ340.6/30] 在馆    
3 1122739   211227395   第三借阅区/ [索取号:TQ340.6/30] 在馆    
4 1122740   211227402   第三借阅区/ [索取号:TQ340.6/30] 在馆    
5 1122741   211227411   第三借阅区/ [索取号:TQ340.6/30] 在馆    
唐山师范学院图书馆 欢迎您!
大连网信软件有限公司© 版权所有